000 00663nam a2200241Ia 4500
005 20260121112756.0
008 8698 260114s9999 xx 000 0 eng d
020 _a9789812704436
037 _aEBOOK
040 _aCRL
_beng
_cCRL
041 _aeng
_2eng
084 _qCRL
100 _aLi Ziming Et Al
_9963019
245 0 _aComputer Mathematics: Proceedings of the Sixth Asian Symposium Ascm'03
260 _bWorld Scientific
260 _bWSPC
260 _c2003
650 _aMathematics
_9963020
856 _uhttps://www.worldscientific.com/worldscibooks/10.1142/5151#t=toc
942 _cEBOOK
999 _c1545998
_d1545998